Music Quiz

Random Music or Song Quiz

'Imagine' Lyrics Quiz Stats

 Plays Quiz Updated Oct 30, 2018

Score 0/129 Timer 06:00
3 Plays Today
% Correct
I
98.9%
I
98.9%
I
98.9%
the
98.8%
and
98.8%
the
98.8%
a
98.8%
the
98.8%
and
98.8%
the
98.8%
a
98.8%
the
98.8%
the
98.8%
a
98.8%
the
98.8%
and
98.8%
the
98.8%
Imagine
97.9%
Imagine
97.9%
Imagine
97.9%
Imagine
97.9%
Imagine
97.9%
Imagine
97.8%
I'm
96.2%
I'm
96.2%
I'm
96.2%
I'm
96.2%
no
93.8%
No
93.8%
no
93.8%
no
93.8%
no
93.8%
No
93.8%
people,
93.4%
people,
93.4%
people,
93.4%
all
93.2%
all
93.2%
all
93.2%
all
93.2%
you
91.2%
You
91.2%
you
91.2%
% Correct
You
91.2%
there's
90.2%
there's
90.2%
living
88.3%
living
88.3%
only
87.1%
only
87.1%
only
87.1%
one.
86.3%
one.
86.3%
one.
86.3%
one.
86.3%
to
86%
to
86%
be
85.8%
not
85.1%
not
85.1%
if
84.6%
if
84.6%
world
84.4%
world.
84.4%
world
84.4%
us,
82.6%
us
82.6%
us,
82.6%
us
82.6%
dreamer,
82.4%
dreamer,
82.4%
but
81.8%
but
81.8%
it
81.6%
Heaven.
81.4%
say
81%
say
81%
as
80.5%
as
80.5%
in
80.2%
for
79.8%
for,
79.8%
for
79.8%
will
79.6%
will
79.6%
try.
78.3%
% Correct
may
78.1%
may
78.1%
that
77.6%
that
77.5%
peace.
75.3%
It's
75.2%
easy
74.3%
hell
73.9%
join
72.9%
join
72.9%
hope
72.2%
hope
72.2%
below
71.9%
sky.
71.8%
life
71.5%
live
71.5%
can.
71.4%
today.
71.3%
religion,
70.6%
above
70.5%
too.
69.1%
do.
68.4%
you'll
67.8%
you'll
67.8%
someday
66.9%
someday
66.9%
or
65.2%
or
65.2%
die
63.9%
hard
63.7%
isn't
61.4%
countries,
59.5%
Nothing
56.8%
of
54.8%
kill
53.9%
wonder
53.6%
man.
51.8%
hunger,
48.6%
possessions.
47.8%
brotherhood
47.7%
need
39.9%
sharing
39%
greed
37%

You're not logged in!

Compare scores with friends on all Sporcle quizzes.
OR
Log In

Show Comments

Extras

Top Quizzes Today


Score Distribution

Your Account Isn't Verified!

In order to create a playlist on Sporcle, you need to verify the email address you used during registration. Go to your Sporcle Settings to finish the process.

Report this User

Report this user for behavior that violates our Community Guidelines.

Details: